Very Difficult Geography Trivia #006 - Statistics

General Stats
  • This quiz has been taken 230 times
    229 since last reset
  • The average score is 13 of 70
Answer Stats
Question Answer % Correct
Even though it isn't the tallest mountain above sea level, which mountain's peak lies farthest from Earth's center? Chimborazo
50%
Literally meaning "castle" in its native language, what four-letter suffix can follow Jēkab-, Vents-, and Salas- to form the name of different novads? -pils
48%
The Zuma Rock, a massive natural monolith used as a defensive retreat by the Gbagyi people against invading neighboring tribes, is located on the outskirts of what world capital? Abuja
44%
Name either of the two largest German cities to have a toponymic suffix that can be considered the equivalent of "-bridge" or "-bridges" in English. Saarbrücken / Osnabrück
43%
What body of water was historically known by locals as the Northern Sea, the Pomorsky Sea, or even the Murman Sea? Barents Sea
37%
Humberstone in Chile, Bodie in California, Gamsutl in Dagestan, and Craco in Italy are settlements that can today be characterized by what two words? Ghost towns / Abandoned towns
37%
One of the world's leading roller coaster and thrill ride designing companies is Intamin, whose primary headquarters is located in what most populous municipality in Liechtenstein? Schaan
36%
A geometric pattern formed by the Mississippi cities of Columbus, Starkville, and West Point shares a name with a region in Southeast Asia infamous for its large opium production and drug trafficking. What is that name? Golden Triangle
35%
The Guardafui Channel is traditionally delimited by Puntland to the west and what island to the east? Socotra
35%
The world's longest natural unbroken sandy beach is located within what Bangladeshi district? This city is also the top tourist destination in Bangladesh. Cox's Bazar
34%
A 80,000-square-mile plateau region stretching from New Jersey to Alabama between the Atlantic Coastal Plain and the Blue Ridge Mountains is known by what name, whose Latin (and French/Italian) etymology literally means "foothills"? Piedmont
33%
The most southerly point on mainland Great Britain is located on what peninsula whose etymology does not actually refer to a reptile, but rather a Cornish phrase meaning "high court" or "high place"? The Lizard
31%
In 2019, the Indian government passed an Act that resulted in the merging of two union territories made up of four separate geographical entities. Provide the name of any one of these four entities. Dadra / Nagar Haveli / Daman / Diu
29%
What term refers to the highly acidic and nutrient-poor soil of cold and moist coniferous forests? These soils, also found in Minecraft, are characterized by a bleached grey subsurface and a darker subsoil layer enriched with iron, aluminum, and organic matter. Podzol / Spodosol
29%
Issyk-Kul and Neusiedl are examples of what type of lake that forms in a closed drainage basin and where water does not flow out to an ocean or sea? Water remains trapped and can only leave through evaporation or seepage, often leading to high salinity levels. Endorheic
28%
The Sanssouci summer palace of Frederick the Great and the Babelsberg quarter, home to Europe's largest film studio, are located in what city on the Havel? Potsdam
28%
The multi-purpose Milad Tower and the monumental white marble Azadi Tower are both located in what city? Tehran
27%
Historically nicknamed "Piccola Roma," what capital city boasts the Futurist-styled Fiat Tagliero gas station and the Enda Mariam Orthodox Church? Asmara
26%
A remnant of the ancient Farallon plate, what small tectonic plate spanning from Vancouver Island to northern California is responsible for creating the Cascadia subduction zone and the Cascade chain of volcanoes? Juan de Fuca
25%
Named after the wife of the American naval officer credited with the first airplane flight over the South Pole, what is the largest unclaimed territory on Earth? Marie Byrd Land
25%
In the late 19th century, an art colony was founded in what New Mexico town, whose adjacent pueblo has been designated a World Heritage Site? Unrelatedly, this town is also known for a purported low-frequency humming noise heard by some of its residents. Taos
25%
What multi-ethnic Bosnian district technically belongs to both the Federation of Bosnia and Herzegovina and Republika Srpska, but is actually governed independently? Its unique status was the solution to a dispute between the two confederal entities. Brčko
24%
What city is the capital of Costa Rica’s Guanacaste province? Home to Daniel Oduber Quirós International Airport, it acts as a primary gateway for tourists traveling to the country's Pacific beaches and several national parks. Liberia
24%
Bishkek's international airport is named for which legendary Kyrgyz hero, whose eponymous epic narrates his military campaigns to secure the freedom of the unified Kyrgyz tribes? In 2025, the city of Jalal-Abad was officially renamed in his honor. Manas
24%
What political entity has a flag depicting a yellow canoe sailing toward the Southern Cross constellation? Tokelau
23%
Weno serves as the capital of which one of the four Micronesian states? A proposed independence referendum for this region has frequently been postponed due to lack of legal preparation and strong opposition from federal leaders. Chuuk
22%
Kəngərli, Şərur, and Şahbuz are three of the eight administrative divisions that make up what autonomous republic? Nakhchivan
22%
Hong Kong is administratively divided into three areas: Hong Kong Island, Kowloon, and what third (and largest) division consisting of 86% of Hong Kong's total area and over 200 outlying islands? New Territories
22%
Rosso, Richard Toll, Kaédi, and Bakel are important cities located on what river? Senegal
22%
Located in the Emirate of Abu Dhabi, what is the largest Emirati city to not be the capital of its own emirate? Al Ain
20%
A vast Aboriginal-owned reserve in the northeastern corner of Australia's Northern Territory inhabited by the Yolŋu people was indirectly named after what capital of Gelderland? Arnhem
20%
What is the longest river to flow entirely within Brazilian territory? São Francisco
20%
Codrington is the only village located on what autonomous island? The periodically pink-colored Princess Diana Beach on this island's Coco Point honors the former princess who had visited the beach many times during her lifetime. Barbuda
18%
While the term "panhandle" is commonly used to refer to the westernmost extensions of Florida and Oklahoma, what other term is preferred to refer to the southeastern salient of Missouri and southwestern corner of New Mexico? Bootheel
18%
The Ignis Brunensis is an international fireworks competition held annually in what second-largest city in its country? The Villa Tugendhat, known for its early functionalist design and luxurious materials like onyx and rare tropical woods, is also located here. Brno
17%
Kevin Baugh is the self-proclaimed leader of what micronation located in Storey County, Nevada? This micronation's currency, the Valora, is pegged to the value of Pillsbury Chocolate Chip Cookie Dough. Republic of Molossia
17%
Lake Pichola, home to the Jag Mandir palace, is one of five major lakes surrounding what Rajasthani city, a famed romantic destination often featured in Bollywood productions? Parts of Octopussy, Gandhi, and The Best Exotic Marigold Hotel were also filmed there. Udaipur
17%
Which valley in northern Pakistan is often called the "Switzerland of Pakistan" because of its lush greenery, mountainous landscapes, and riverside scenery? While it was home to a sultanate centered around the city of Manglawar, Babe Ruth did not reign as its sultan. Swat
16%
Endangered bird species such as the black stork and the Eurasian curlew as well as numerous insects (fittingly) make up the fauna of a Polish "Landscape Park" named for what river that forms part of the Belarus-Poland and Ukraine-Poland borders? Bug
15%
Big Corn Island and Little Corn Island together form the Corn Islands, a municipality of nearly 8,000 inhabitants belonging to what country? Nicaragua
15%
The Albertine Rift is home to what chain of eight major volcanoes located at the tripoint of the DRC, Rwanda, and Uganda? Africa's oldest national park, hosting about one-third of the world’s remaining mountain gorillas, is named for this chain. Virunga Mountains
15%
The Haystack Rock, which serves as a nesting site for seabirds like tufted puffins, is located along the coast of what Oregon community and tourist destination famously featured in the opening scene of "The Goonies"? Cannon Beach
14%
What is the only French department to have kept the word "Territoire" (Territory) in its official name? It retained this designation as the only part of the Haut-Rhin department that was not annexed by the German Empire in 1871. Territoire de Belfort
12%
"The Kidney", "The Tear", "The Trefoil", and "The Eye" are the monikers of some of the Seven Lakes of what highest mountain range in Bulgaria? The country's largest and most recognizable monastery, founded by Saint Ivan, is also located in this range. Rila
11%
Nicknamed the King of the Fjords, what is the longest and deepest fjord in Norway? The scenic Flåm railway line connects Myrdal to the village of Flåm, located at the innermost part of a branch of this fjord. Sognefjord
11%
What North Korean city, where Kim Jong-un allegedly spent part of his childhood, was recently converted into a resort destination for domestic and international visitors? The area today includes the Masikryong Ski Resort and the Kalma Beach Resort. Wonsan
11%
Adding one letter to the name of a populous city in eastern Nepal gives you the name of the city that is considered Saudi Arabia's oil capital (and where the headquarters of Saudi Aramco is located). Name either city. Dharan / Dhahran
10%
What peninsula, a popular weekend getaway located in Shizuoka Prefecture, is renowned for its views of Mount Fuji and numerous hot spring towns? Nobel laureate Yasunari Kawabata wrote about a student who falls in love with a "Dancing Girl" on this peninsula. Izu
10%
A large Buddha statue carved into a red sandstone cliff sits at the confluence of the Min and Dadu rivers near what Sichuan city? Mount Emei, the highest of the Four Sacred Buddhist Mountains of China, is also located nearby. Leshan
10%
What neutral international name is used to refer to the small group of islands known as Takeshima in Japan and Dokdo in South Korea? Liancourt Rocks
9%
The oceanfront resort Atlantis is located on what Bahaman island, located just off the coast of Nassau? Paradise Island
9%
What monument on Budapest's Várhegy (Castle Hill) honors the memory of the anglers who lived directly below the castle walls? These anglers were responsible for defending a section of the city's fortifications, thus the monument's name. Fisherman's Bastion
8%
What Nairobi slum was heavily featured in Fernando Meirelles' film "The Constant Gardener"? Despite its widespread extreme poverty, The Economist labeled it "the most entrepreneurial place on the planet" due to its high-density informal business ecosystem. Kibera
8%
What 13-kilometer-wide passages separate the Sinai Peninsula from the Arabian Peninsula, linking the Red Sea to the Gulf of Aqaba? Their strategic positions have been a major factor in past regional conflicts, such as the Suez Crisis and the Six-Day War. Straits of Tiran
8%
While it carries a significant amount of water during the monsoon season, the river known as the "Red" or "Black Nile" often turns into a series of disconnected pools during winter. This tributary is better known by what other name, after the Sudanese city where it joins the Nile? Atbarah
7%
In Panama, this type of administrative subdivision refers to an area with a substantial indigenous population. In parts of Spain, it is a traditional or informal subdivision that groups municipalities sharing similar cultural, geographical, or economic traits. What is that term? Comarca
7%
What term of Irish origin refers to a long, narrow, and snake-like ridge made of stratified sand and gravel deposited by meltwater streams flowing in tunnels within or under stagnant glaciers? Esker
7%
What is the most common demonym for a resident of Halifax, whether in West Yorkshire or Nova Scotia? Haligonian
7%
An isolated rocky hill or small mountain that rises abruptly from a flat plain may be called an inselberg, or alternately what other name borrowed from a prominent peak in New Hampshire? Monadnock
7%
What depression in Chad is renowned as the world’s most abundant source of atmospheric mineral dust? Once a massive paleolake that dried out, this basin's nutrient-rich sediments create dust storms that act as a fertilizer for the Amazon rainforest. Bodélé Depression
6%
What Cape Town area on the slopes of Signal Hill is recognizable by its distinctive brightly colored houses? When residents of this predominantly Muslim community were allowed to buy their new homes, they painted them in bright colors to celebrate their freedom. Bo-Kaap / Malay Quarter
6%
Both Honduras and El Salvador have departments named for what statesman who served as the President of the Federal Republic of Central America in the 1830s? Francisco Morazán
6%
The largest city in northeastern Thailand, Nakhon Ratchasima, is colloquially better known by what shortened name, which it shares with a short-haired silver-blue breed of domestic cat and a nearby plateau? Korat
6%
In 1871, Henry Stanley finally met Dr. David Livingstone at Ujiji, a former slave and ivory trading post located in present-day Tanzania. Ujiji is located about 6 kilometres away and often paired with what other city on Lake Tanganyika? Kigoma
5%
The Sideroxylon spinosum (or argan tree), which produces argan oil used for cosmetic and culinary purposes, is native to what agricultural area in southwestern Morocco? This area is paired with Massa in the name of a Moroccan region. Sous
5%
The British colonial name for the Burmese town (and region) of Tanintharyi lends its name to what 1,700-km-long mountain chain forming the natural border between Myanmar and Thailand and extending into Malaysia? Tenasserim Hills
5%
Connecting the Orinoco River with the Rio Negro, what Venezuelan canal famously mapped by Alexander von Humboldt is considered the world's largest natural river bifurcation? Casiquiare canal
4%
Considered the largest continental sandy terrain in Europe and sometimes called the "European Sahara", what geo-morphological formation in northern Serbia was formed by the withdrawal of the Pannonian Sea? Deliblatska Peščara / Deliblato Sands
4%
Which four-letter circular lake near Rome, formed in an ancient volcanic crater at least 36,000 years ago, was drained between 1929 and 1932 to recover two enormous 1st-century AD Roman pleasure barges built for Emperor Caligula? Lake Nemi
4%
Theatrum Orbis Terrarum ("Theatre of the Lands of the World"), published in 1570 and widely considered the first modern atlas, was written by what Antwerp-born geographer? Abraham Ortelius
3%
No matching quizzes found
Score Distribution
Percent of People with Each Score
Percentile by Number Answered
Your Score History
You have not taken this quiz since the last reset